000 00419nam a22001577a 4500
003 PILC
005 20150904104628.0
008 150904b xxu||||| |||| 00| 0 eng d
020 _a0345358074
050 _aPZ 7
_b.H199 1990
100 _aHambly, Barbara.
245 _aThe dark hand of magic /
_cBarbara Hambly.
260 _aUSA :
_bA Del Rey Book,
_c1990.
300 _a309 pages ;
_c19 cm.
942 _2lcc
_cBK
_kFOR
999 _c288608
_d288608